LDR 00625nam a2200181 i 4500 001 000000253193 003 CaOOAMICUS 005 20260408120050.0 008 170302s2007 it u000 u ita u 040 $aSeMil$bita 245 10$aVol. 2. 300 $aXIII, 313 p. ;$c30 cm. 773 0 $tNuove parole italiane dell'uso del Grande dizionario italiano dell'uso.$dTorino : UTET, 2007-2008.$g2$w()21996 850 $aSeMil 852 $aSeMil$W1$xVenegono$y1$mSL1.A VI 8/2$j269866$B233946$CSeMilBibl$Z2$F233946 $8I 961 $aAcquisto: UTET (Agente) 996 $6245$aVol. 2$9(OLS)http://semarc/title/13458